MDQL
is popping MORE tags! Check the
thread
!
Quizzes
Events
Quiz Creation
Community
Videos
Private Events
Remove Ads
Sign In
Join for FREE
Feedback
Dark Mode
Quiz Categories
Sports
Geography
Music
Movies
Television
Just For Fun
Miscellaneous
History
Literature
Language
Science
Gaming
Entertainment
Religion
Holiday
For Kids
Quiz Lab
Recent
Popular Today
Quiz Kudos Today
Editor Picks
Curator Picks
Quizzes by...
Day
Popularity
Type
Ratings
Length
Year
Community
Subscriptions
Recent Discussions
Orange Saloon
Badges
Playlists
Quests
Create
Leaderboards
Showdown
Live 5
Trivia Bingo
Activity
Puzzle Library
Sporcle Events
Private Events
Virtual Trivia
Globe League
Become a Host
Pub Owners
SporcleCon
Opinionation
Our Games
Videos
Blog
Mobile Apps
Partnerships
Remove Ads and Go Orange
Feedback
Sports
Athletes
MLB
NBA
NHL
NFL
Soccer
Sports Teams
WWE
NCAA
Football
Premier League
Basketball
Baseball
Hockey
Golf
Tennis
Cricket
Rugby
Auto Racing
Olympics
World Cup
Sports
Athletes
MLB
NBA
NHL
NFL
Soccer
Sports Teams
WWE
NCAA
Football
Premier League
Basketball
Baseball
Hockey
Golf
Tennis
Cricket
Rugby
Auto Racing
Olympics
World Cup
Random Quiz
Search Sporcle
×
Quiz Lab
Quiz Lab
Sports
Football
Type in answers that appear in a list
Type in answers that appear in a list
Classic
Best Score? Go Orange.
The 50 best Chicago Bears Stats
Can you name the 50 best Chicago Bears of All Time (according to the Chicago Sun Times)?
By
mikethedude
10m
50 Questions
1,666 Plays
1,666 Plays
1,666 Plays
Comments
Comments
Give Quiz Kudos
Give Quiz Kudos
-
- Ratings
hide this ad
Replay
Link that replays current quiz
Next Quiz
Link to next quiz in quiz playlist
You Got
0%
They Got
Avg Score
35%
Avg Friend Score
Upgrade to see
Score Distribution
Jump to the score distribution portion of the page
Score
0/50
Timer
10:00
1
Play Today
Position
Player
% Correct
RB
Walter Payton
98.7%
LB
Brian Urlacher
91%
RB
Gale Sayers
87.2%
LB
Dick Butkus
86.4%
LB
Mike Singletary
85.4%
DE
Richard Dent
79.1%
TE
Mike Ditka
78.9%
QB
Sid Luckman
77.9%
QB
Jim McMahon
75.6%
LB
Lance Briggs
71.8%
DL
Dan Hampton
66%
RB
Neal Anderson
54.4%
DT
Steve McMichael
53.6%
K
Kevin Butler
53.5%
C
Olin Kreutz
53%
LB
Wilber Marshall
52%
RB/
DB
Red Grange
51.8%
LB
Otis Wilson
49.9%
S
Gary Fencik
45.6%
RB
Bronko Nagurski
42.7%
E
George Halas
37.9%
OT
Jimbo Covert
36.8%
C
Jay Hilgenberg
36.6%
LB
Bill George
34.2%
G/
DT
Stan Jones
28.5%
Position
Player
% Correct
G
Mark Bortz
28.5%
DE
Doug Atkins
26.1%
WR
Johnny Morris
26%
LB
Doug Buffone
22.3%
C/
LB
Clyde Turner
20.1%
DE
Ed O'Bradovich
15.7%
WR
Harlon Hill
15.4%
RB
Willie Galimore
12.7%
RB
Rick Casares
12.6%
RB
George McAfee
8.9%
LB
George Connor
8%
DT
Wally Chambers
7.9%
DB
Roosevelt Taylor
7.6%
T
George Musso
6.2%
E
Bill Hewitt
6.2%
DE
Ed Sprinkle
5.9%
LB
Joe Fortunato
5.7%
S
Richie Petitbon
5%
DT
Jim Osborne
4.9%
T
Joe Stydahar
4.4%
C
George Trafton
4.2%
G
Danny Fortmann
4.1%
E
Ken Kavanaugh
3.4%
T
''Link'' Lyman
3.2%
E
Ed Healey
2.5%
Quiz Playlist
Details
Report
Send in Message
Add To Playlist
Classic:
Type in answers that appear in a list
Last Updated: Nov 5, 2018
Quiz Scoreboard
CHALLENGE
Sign Up to Join the Scoreboard
Show All
Scores
Hide
Comments
May contain spoilers
Recently Published
1-10 Letter E Words III
by El_Dandy
Language
2m
Street Fighter Characters
by Artimus82
Gaming
60s
College Basketball Coaching Resumes
by pancakes188
Sports
9m
More to Explore
Quiz From the Vault
Featured Blog Post
Where Did the Easter Bunny Come From?
hide this ad
You Might Also Like...
Tags
Football Quiz
All Time
bear
chicago
Chicago Bears
Player
sun
Sun Times
Today's Top Quizzes in Sports
Browse Sports
hide this ad
Today's Top Quizzes in Football
Browse Football
Top Contributed Quizzes in Sports
1
2022 World Cup Stars
2
Les meilleurs buteurs des matchs entre le PSG et l’OM
3
FIFA Club World Cup Champions
4
Les entraîneurs de l'OM et du PSG au 21e siècle
5
Criteria MLB: Left Handed Sluggers
6
2023 MLB Unique Player Accomplishments
7
AFC Teams Reveal (Wrong Answers Minefield)
8
Players with Multiple 50 Home Run Seasons
9
5-to-1: FBS Animal Nicknames
10
5-to-1: UK Sports Teams
Explore More
Trending Topics
NBA
Crossword
Marvel
Disney
Kpop
Anime
Harry Potter
Song
WWE
Soccer
Country
The Office
Puzzle
Pokémon
NFL
hide this ad
More By:
mikethedude
Quiz
Plays
Rating
Category
Featured
Created
The 50 best Chicago Cubs
1,731
4.33
Sports
Mar 5, 2010
The 50 best Chicago Bears
1,666
5.00
Sports
Mar 5, 2010
Go to Creator's Profile
Score Distribution
Quiz Creator Spotlight
mikethedude
Follow
Send a Message
Quizzes Created
-
Created Quiz Play Count
-
More By This Creator
Popular Quizzes Today
1
Find the US States - No Outlines Minefield
2
Find the Countries of Europe - No Outlines Minefield
3
Find the US States
4
The Countries of the World
5
Risky Map Clicking: Biggest States A-Z
6
US States
7
Popular People in 1961
8
Movies - When Are They Set?
More Sports Quizzes
Atlanta Braves All-Time Leaders
Quiz Lab
Trending Quizzes
Risky Map Clicking: Least Populous States A-Z
1-10 Letter G Words
1-10 Letter F Words
Countries of the World: 200 Million BC
Risky Map Clicking: Next State Alphabetically
Recently Updated
Rides in Walt Disney World
pecheneg
Most Oscar Losses (Acting)
pecheneg
Beyoncé Albums
pecheneg
Leaping Animals
pecheneg
Reality TV Shows (A-Z)
bhenderson79
Rickey Henderson's Hall of Fame Teammates
pecheneg
Champions League XIs: Arsenal
pecheneg
Quick Pick: Celebrities in WWE's Hall of Fame
aduchscher
A-Z Keypad Blitz II
pecheneg
Trending Topics
Harry Potter
Crossword
Disney
Kpop
NBA
Anime
Marvel
The Office
Pokémon
Country
Puzzle
Soccer
Song
NFL
WWE
Your Account Isn't Verified!
In order to create a playlist on Sporcle, you need to verify the email address you used during registration. Go to your
Sporcle Settings
to finish the process.
Report this User
Report this user for behavior that violates our
Community Guidelines
.
Details:
Send Report
Go to the Sporcle.com Mobile Site →
Comments